| 000 | 00448nam a2200181Ia 4500 | ||
|---|---|---|---|
| 003 | LK-CoDNM | ||
| 008 | 010623t1954 xxu||||| |||| 00| 1 eng d | ||
| 040 |
_aLK-CoDNM _dLK-CoDNM _eLK-CoDNM |
||
| 041 | _aeng | ||
| 080 |
_a75.05 _bMIL |
||
| 100 |
_aMiller,Margaret _eed. |
||
| 245 | _aPaul,Klee. | ||
| 260 |
_bThe Museum of Modern Art _aNewyork _c1954 |
||
| 300 | _b64p,54pl., 24 cm | ||
| 650 | _aModern Art | ||
| 650 | _aPaintings | ||
| 942 | _cBK | ||
| 999 |
_c103423 _d103423 |
||